000 00478nam a2200181Ia 4500
008 090123s9999 xx 000 0 und d
082 _b15899
100 _aरितुराज
245 _aबडा आदमी
250 _a0
260 _bराज पॉकेट बुक्स
300 _a240
600 _aरितुराज
630 _aबडा आदमी
700 _aरितुराज
730 _aबडा आदमी
942 _cBOOK
999 _c53960
_d53960